Fifty years of the Deutsche Mark central bank and the currency in Germany since 1948
Salvato in:
| Natura: | Libro |
|---|---|
| Lingua: | inglese |
| Pubblicazione: |
Oxford
Oxford University Press
1999
|
| Soggetti: | |
| Tags: |
Nessun Tag, puoi essere il primo ad aggiungerne!!
|
MARC
| LEADER | 00000nam a2200000 4500 | ||
|---|---|---|---|
| 001 | c115555 | ||
| 005 | 20221221084307.5 | ||
| 020 | |a 0-19-829254-6 | ||
| 041 | 0 | |a eng | |
| 044 | |a GB | ||
| 245 | 1 | 0 | |a Fifty years of the Deutsche Mark |b central bank and the currency in Germany since 1948 |
| 264 | 1 | |a Oxford |b Oxford University Press |c 1999 | |
| 300 | |a 836 s. | ||
| 610 | 2 | 0 | |a banky |
| 610 | 2 | 0 | |a marka |
| 610 | 2 | 0 | |a peniaze |
| 610 | 2 | 0 | |a banky centrálne |
| 610 | 2 | 0 | |a reformy menové |
| 610 | 2 | 0 | |a reformy peňažné |
| 610 | 2 | 0 | |a Nemecko |
| 610 | 2 | 0 | |a politika menová |
| 610 | 2 | 0 | |a politika peňažná |
| 610 | 2 | 0 | |a únie menové |
| 610 | 2 | 0 | |a dejiny |
| 610 | 2 | 0 | |a 1948-1998 |